| 000 | 01368nam a2200313 c 4500 | ||
|---|---|---|---|
| 999 |
_c164204 _d164204 |
||
| 003 | BLK | ||
| 005 | 20200610084314.0 | ||
| 008 | 180410b bul|||||r ||||||| ||bul|| | ||
| 010 | _aKNG00171701000 | ||
| 040 | _aBLK | ||
| 041 |
_aBUL _cBUL |
||
| 080 |
_aРуска литература _b821.161.1 _x-31 _z821.161.1-31 |
||
| 100 | 1 |
_aВоронкова, Любов Фьодоровна _eпърви автор _949327 |
|
| 139 |
_aВоронкова, Любов Фьодоровна _bВ 84 |
||
| 245 | 1 | 0 |
_aСинът на Зевс _bРоман за юноши _cЛюбов Фьодоровна Воронкова; прев. от рус. Ганка Константинова; худож. Теодора Стойчева; послесл. от Борис Чолпанов. |
| 257 | _aSUN | ||
| 260 |
_bОтечество _c1983 _aСофия |
||
| 300 |
_a277 с. _bс ил. _c20 см |
||
| 380 | _aDX | ||
| 500 | _aОриг. загл. Сын Зевса. - 70 115 тир. | ||
| 700 | 1 |
_aКонстантинова, Ганка _eпрев. от рус. _9245442 |
|
| 700 | 1 |
_aСтойчева, Теодора _eхудож. _9379436 |
|
| 700 | 1 |
_aЧолпанов, Борис _eпослесл. от _9369976 |
|
| 852 | _aЦб 122410 | ||
| 856 | 4 | _qpdf | |
| 856 | 4 | _qpdf | |
| 942 |
_cKNG _n0 _s1 |
||
| 944 |
_aCR _c20.02.2015 _kТеодора_Стоянова |
||
| 944 |
_aED _c20.02.2015 _kТеодора_Стоянова |
||
| 999 | _d164204 | ||